1809 1402 1449 1024 1326 1407 1153 1314 1024 1097 1302 1238 1499 1846 1139 1142 1175 1603 1621 1641 1649 1702 1131 1919 1562 1529 1129 1260 1476 1449 1920 1563 1136 1720 1794 1704 1408 1244 1422 1695 1177 1849 1993 1936 1214 1084 1977 1229 1814 1871 1310 1049 1981 1258 1456 1387 1177 1942 1343 1638 1262 1692 1369 1351 1872 1790 1796 1900 1132 1178 1110 1223 1801 1458 1041 1702 1819 1542 1315 1370 1115 1368 2000 1687 1426 1721 1431 1825 1109 1375 1378 1455 1471 1385 1891 1974 1916 1917 1610 BCNSPRNW ULIB Ver.6.0+V

เปลี่ยนเป็นภาษาไทย

Change to English
 แสดงรายละเอียดบรรณานุกรม
  กลับหน้าหลัก

Brief Record : Get Marc (ISO 2709) : E-mail record : QR code < ปิดหน้าต่าง
LEADER : 00000nam 2200000uu 4500
001    13399114431
003     ULIB
008    110627s||||||||th 000 0 tha d
020    9747053268
098    นว.^bม162ร
100 0  มนันยา
245 00 ระทึก/^cมนันยา
250    พิมพ์ครั้งที่ 2
260    กรุงเทพฯ :^bสามสี,^c2536
300    254 หน้า
710 1  สามสี
945    ^p65^l0^i031541
995    ทศพร
999 ^a ใช้งานได้ทุกระบบ
รายการนี้ยังไม่มีแท็ก
คุณยังไม่ได้ล็อกอิน คุณสามารถมีกิจกรรมร่วมกับเว็บไซต์ได้ แต่ต้องล็อกอินก่อน ::
  ล็อกอิน

รายการสื่อสารสนเทศ

ลำดับที่ ประเภท เลขเรียก/บาร์โค้ด สถานที่ สถานะ
1. นวนิยาย
นวนิยาย
 ฉ.1 
  Barcode: 031541
ห้องสมุดวิทยาเขตสวรรค์ประชารักษ์
►นวนิยาย
บนชั้น
  ขอยืม

รายการใกล้เคียง
    ผู้แต่ง [มนันยา]

BibComment


ยังไม่เคยถูกคอมเมนท์

คอมเมนท์ทรัพยากรรายการนี้
  คอมเมนท์: ระทึก มนันยา


 Copyright 2026. Bcnsprnw @Library